Métodos de laboratorio clínico / (Record no. 86907)

MARC details
000 -LEADER
campo de control de longitud fija 00717nam a2200193 i 4500
001 - NÚMERO DE CONTROL
campo de control 86907
003 - IDENTIFICADOR DE NÚMERO DE CONTROL
campo de control ES-MaACL
007 - CAMPO FIJO DE DESCRIPCIÓN FÍSICA--INFORMACIÓN GENERAL
campo de control de longitud fija t|
008 - DATOS DE LONGITUD FIJA--INFORMACIÓN GENERAL
campo de control de longitud fija 041216s1948 mx ||||1| spa d
100 1# - ENTRADA PRINCIPAL--NOMBRE DE PERSONA
Nombre de persona Kolmer, John A.
9 (RLIN) 68526
245 10 - MENCIÓN DEL TÍTULO
Título Métodos de laboratorio clínico /
Mención de responsabilidad, etc. por John A. Kolmer y Fred Boerner ; traducción española de la 4ª ed. inglesa por Ramón Rodríguez de Mata y José R. Pérez Lías.
250 ## - MENCION DE EDICION
Mención de edición [2ª ed. española].
260 ## - PUBLICACIÓN, DISTRIBUCIÓN, ETC.
Lugar de publicación, distribución, etc. México :
Nombre del editor, distribuidor, etc. Interamericana,
Fecha de publicación, distribución, etc. 1948.
300 ## - DESCRIPCIÓN FÍSICA
Extensión XXXIII, 1083 p., 18 lám. :
Otras características físicas il. ;
Dimensiones 25 cm.
700 1# - ENTRADA AGREGADA--NOMBRE PERSONAL
Nombre de persona Boerner, Fred.
9 (RLIN) 29752
700 1# - ENTRADA AGREGADA--NOMBRE PERSONAL
Nombre de persona Rodríguez de Mata, Ramón.
9 (RLIN) 98466
700 1# - ENTRADA AGREGADA--NOMBRE PERSONAL
Nombre de persona Pérez Lías, José R.
9 (RLIN) 90964
852 ## - LOCALIZACIÓN
Ubicación ES-MaACL
Número de control de estantería E-1604
Sublocalización o colección R.27150
Holdings
Estatus retirado Estado de pérdida Estado de daño No para préstamo Biblioteca de origen Biblioteca actual Ubicación en estantería Fecha de adquisición Fuente de adquisición Total de préstamos Signatura topográfica completa Código de barras Visto por última vez Precio de reemplazo Tipo de ítem Koha
        Biblioteca del Ateneo de Madrid Biblioteca del Ateneo de Madrid Depósito 2 17/01/2008     E-1604 1090804 23/02/2023 23/02/2023 Libro impreso